College Football: All Division I Teams (Mascot/Conference) - Statistics

General Stats
  • This quiz has been taken 310 times
    259 since last reset
  • The average score is 130 of 261
Answer Stats
Team Name (Conf.) School % Correct
Crimson Tide (SEC) Alabama
91%
Wildcats (Pac-12) Arizona
88%
Fighting Illini (B1G 10) Illinois
84%
Zips (MAC) Akron
83%
Sun Devils (Pac-12) Arizona State
83%
Razorbacks (SEC) Arkansas
82%
Falcons (Mtn. West) Air Force
79%
Bulldogs (SEC) Georgia
79%
Black Knights (FBS Indep.) Army
78%
Hawkeyes (B1G 10) Iowa
78%
Jayhawks (Big XII) Kansas
78%
Blue Devils (ACC) Duke
77%
Gators (SEC) Florida
77%
Hoosiers (B1G 10) Indiana
77%
Buffaloes (Pac-12) Colorado
76%
Tigers (SEC) Auburn
75%
Cyclones (Big XII) Iowa State
75%
Wildcats (Big XII) Kansas State
75%
Wildcats (SEC) Kentucky
75%
Tigers (SEC) LSU
75%
Bobcats (MAC) Ohio
75%
Ducks (Pac-12) Oregon
75%
Longhorns(Big XII) Texas
75%
Golden Bears (Pac-12) California
74%
Seminoles (ACC) Florida State
74%
Wolverines (B1G 10) Michigan
74%
Tar Heels (ACC) North Carolina
74%
Gamecocks(SEC) South Carolina
74%
Hurricanes (ACC) Miami
73%
Spartans (B1G 10) Michigan State
73%
Buckeyes (B1G 10) Ohio State
73%
Sooners (Big XII) Oklahoma
73%
Beavers (Pac-12) Oregon State
73%
Trojans(Pac-12) USC
73%
Bears (Big XII) Baylor
72%
Broncos (Mtn. West) Boise State
72%
Rams (Mtn. West) Colorado State
72%
Fighting Irish (FBS Indep.) Notre Dame
72%
Boilermakers (B1G 10) Purdue
72%
Aggies(SEC) Texas A&M
72%
Bruins(Pac-12) UCLA
72%
Huskies(Pac-12) Washington
72%
Yellow Jackets (ACC) Georgia Tech
71%
Crimson (Ivy) Harvard
71%
Terrapins (B1G 10) Maryland
71%
Cornhuskers (B1G 10) Nebraska
71%
Cowboys (Big XII) Oklahoma State
71%
Rebels (SEC) Ole Miss
71%
Quakers (Ivy) Pennsylvania
71%
Eagles (ACC) Boston College
70%
Huskies (FBS Indep.) Connecticut
70%
Wolfpack (ACC) NC State
70%
Nittany Lions (B1G 10) Penn State
70%
Mountaineers(Big XII) West Virginia
70%
Tigers (ACC) Clemson
69%
Scarlet Knights (B1G 10) Rutgers
69%
Golden Gophers (B1G 10) Minnesota
68%
Lobos (Mtn. West) New Mexico
68%
Volunteers(SEC) Tennessee
68%
Cougars(Pac-12) Washington State
68%
Red Wolves (Sun Belt) Arkansas State
67%
Midshipmen (American) Navy
67%
Cardinal(Pac-12) Stanford
67%
Horned Frogs(Big XII) TCU
67%
Red Raiders(Big XII) Texas Tech
67%
Utes(Pac-12) Utah
67%
Cavaliers(ACC) Virginia
67%
Badgers(B1G 10) Wisconsin
67%
Ragin’ Cajuns (Sun Belt) Louisiana
66%
Cardinals (ACC) Louisville
66%
Bulldogs (SEC) Mississippi State
66%
Bulls (MAC) Buffalo
65%
Panthers (ACC) Pittsburgh
65%
Aztecs(Mtn. West) San Diego State
65%
Orange(ACC) Syracuse
65%
Commodores(SEC) Vanderbilt
65%
Hokies(ACC) Virginia Tech
65%
Cougars (FBS Indep.) BYU
64%
Owls (C-USA) Florida Atlantic
64%
Tigers (SEC) Missouri
64%
Aggies (FBS Indep.) New Mexico State
64%
Fighting Hawks (M. Valley) North Dakota
64%
Bison (M. Valley) North Dakota State
64%
Bulldogs(Ivy) Yale
64%
Mountaineers (Sun Belt) Appalachian State
63%
Minutemen(FBS Indep.) Massachusetts
63%
Wildcats (B1G 10) Northwestern
63%
Tigers (Ivy) Princeton
63%
Bears (Ivy) Brown
62%
Chanticleers (Sun Belt) Coastal Carolina
62%
Panthers (C-USA) Florida International
62%
Rainbow Warriors (Mtn. West) Hawaii
62%
Aggies(Mtn. West) Utah State
62%
Demon Deacons(ACC) Wake Forest
62%
Chippewas (MAC) Central Michigan
61%
Bearcats (American) Cincinnati
61%
Panthers (Sun Belt) Georgia State
61%
Toreros(Pioneer) San Diego
61%
Coyotes(M. Valley) South Dakota
61%
Miners(C-USA) UTEP
61%
49ers (C-USA) Charlotte
60%
Green Wave(American) Tulane
60%
Vandals (Big Sky) Idaho
59%
Grizzlies (Big Sky) Montana
59%
Mustangs(American) SMU
59%
Jackrabbits(M. Valley) South Dakota State
59%
Jaguars(SWAC) Southern
59%
Roadrunners(C-USA) UTSA
59%
Cowboys(Mtn. West) Wyoming
59%
Falcons (MAC) Bowling Green
58%
Big Red (Ivy) Cornell
58%
Knights(American) UCF
58%
Eagles (MAC) Eastern Michigan
57%
Cougars (American) Houston
57%
Golden Flashes (MAC) Kent State
57%
Bobcats (Big Sky) Montana State
57%
Wolfpack (Mtn. West) Nevada
57%
Bulls(American) South Florida
57%
Owls(American) Temple
57%
Bobcats(Sun Belt) Texas State
57%
Bulldogs (Mtn. West) Fresno State
56%
Mean Green (C-USA) North Texas
56%
Spartans(Mtn. West) San Jose State
56%
Broncos (MAC) Western Michigan
56%
Cardinals (MAC) Ball State
55%
Pirates (American) East Carolina
55%
Rockets(MAC) Toledo
55%
Hornets (SWAC) Alabama State
54%
Sycamores (M. Valley) Indiana State
54%
Flames (FBS Indep.) Liberty
54%
Thundering Herd (Sun Belt) Marshall
54%
Rebels(Mtn. West) UNLV
54%
Hilltoppers(C-USA) Western Kentucky
54%
Fightin’ Blue Hens (CAA) Delaware
53%
Dukes (Sun Belt) James Madison
53%
Golden Hurricane(American) Tulsa
53%
Lions (Ivy) Columbia
52%
Huskies (MAC) Northern Illinois
52%
Big Green (Ivy) Dartmouth
51%
Eagles (Sun Belt) Georgia Southern
51%
Gamecocks (ASUN) Jacksonville State
51%
Tigers (American) Memphis
51%
Spiders (CAA) Richmond
51%
Blazers(C-USA) UAB
50%
Bulldogs (SWAC) Alabama A&M
49%
Great Danes (CAA) Albany
49%
Bengals (Big Sky) Idaho State
49%
Black Bears (CAA) Maine
49%
Red Hawks (MAC) Miami (OH)
49%
Owls (C-USA) Rice
49%
Warhawks (Sun Belt) Louisiana-Monroe
48%
Blue Raiders (C-USA) Middle Tennessee
47%
Jaguars(Sun Belt) South Alabama
47%
Hoyas (Patriot) Georgetown
46%
Redbirds (M. Valley) Illinois State
46%
Tigers (SWAC) Jackson State
46%
Monarchs (Sun Belt) Old Dominion
46%
Bulldogs (C-USA) Louisiana Tech
45%
Trojans(Sun Belt) Troy
44%
Rattlers (SWAC) Florida A&M
41%
Bears (M. Valley) Missouri State
41%
Golden Eagles(Sun Belt) Southern Miss
41%
Hornets (MEAC) Delaware State
39%
Tigers(Ohio Valley) Tennessee State
39%
Fighting Camels (Big South) Campbell
38%
Bearkats(WAC) Sam Houston
38%
Flyers (Pioneer) Dayton
37%
Owls (ASUN) Kennesaw State
37%
Wildcats (WAC) Abilene Christian
36%
Braves (SWAC) Alcorn State
36%
Governors (ASUN) Austin Peay
36%
Mocs (SoCon) Chattanooga
36%
Eagles (Big Sky) Eastern Washington
36%
Tigers (SWAC) Grambling
36%
Panthers (M. Valley) Northern Iowa
36%
Bulldogs(MEAC) SC State
36%
Salukis(M. Valley) Southern Illinois
36%
Panthers (Ohio Valley) Eastern Illinois
35%
Lumberjacks (Big Sky) Northern Arizona
35%
Tribe(CAA) William & Mary
35%
Bison (MEAC) Howard
34%
Wildcats (CAA) New Hampshire
34%
Vikings (Big Sky) Portland State
34%
Wildcats(CAA) Villanova
34%
Penguins(M. Valley) Youngstown State
34%
Racers (Ohio Valley) Murray State
33%
Bison (Patriot) Bucknell
32%
Bulldogs (Pioneer) Butler
32%
Delta Devils (SWAC) Mississippi Valley State
32%
Rams (CAA) Rhode Island
32%
Raiders (Patriot) Colgate
31%
Mountain Hawks (Patriot) Lehigh
31%
Bulldogs (SoCon) The Citadel
31%
Terriers(SoCon) Wofford
31%
Golden Lions (SWAC) Arkansas-Pine Bluff
30%
Mustangs (Big Sky) Cal Poly
30%
Colonels (ASUN) Eastern Kentucky
30%
Paladins (SoCon) Furman
30%
Leopards (Patriot) Lafayette
30%
Sharks (NEC) LIU
30%
Bears (Big Sky) Northern Colorado
30%
Tigers(SWAC) Texas Southern
30%
Keydets(SoCon) VMI
30%
Wildcats(Big Sky) Weber State
30%
Leathernecks(M. Valley) Western Illinois
30%
Bulldogs (Pioneer) Drake
29%
Crusaders (Patriot) Holy Cross
29%
Blue Devils (NEC) Central Connecticut
28%
Dukes (NEC) Duquesne
28%
Buccaneers (SoCon) East Tennessee State
28%
Phoenix (CAA) Elon
28%
Red Foxes (Pioneer) Marist
28%
Hornets (Big Sky) Sacramento State
28%
Tommies(Pioneer) Saint Thomas (MN)
28%
Golden Eagles(Ohio Valley) Tennessee Tech
28%
Rams (Patriot) Fordham
27%
Lions (ASUN) North Alabama
27%
Catamounts(SoCon) Western Carolina
27%
Buccaneers (Big South) Charleston Southern
26%
Cardinals (Southland) Incarnate Word
26%
Wildcats (SWAC) Bethune-Cookman
25%
Bears (SoCon) Mercer
25%
Aggies (Big South) North Carolina A&T
25%
Panthers (SWAC) Prairie View A&M
25%
Bulldogs(SoCon) Samford
25%
Thunderbirds(WAC) Southern Utah
25%
Lumberjacks(WAC) Stephen F. Austin
25%
Seawolves(CAA) Stony Brook
25%
Bears (ASUN) Central Arkansas
24%
Demons (Southland) Northwestern State
24%
Blue Hose (Pioneer) Presbyterian
24%
Red Flash(NEC) Saint Francis (PA)
24%
Cowboys (Southland) McNeese
23%
Spartans (MEAC) Norfolk State
23%
Aggies(Big Sky) UC Davis
23%
Bulldogs (Big South) Gardner-Webb
22%
Cardinals (ASUN) Lamar
22%
Hatters(Pioneer) Stetson
22%
Skyhawks(Ohio Valley) UT Martin
22%
Seahawks(NEC) Wagner
22%
Bulldogs (Big South) Bryant
21%
Pirates (CAA) Hampton
21%
Colonials (Big South) Robert Morris
21%
Huskies (Southland) Houston Baptist
20%
Hawks (CAA) Monmouth
20%
Eagles (MEAC) North Carolina Central
20%
Redhawks(Ohio Valley) Southeast Missouri State
20%
Trailblazers(WAC) Utah Tech
20%
Eagles (Pioneer) Morehead State
19%
Pioneers(NEC) Sacred Heart
19%
Texans(WAC) Tarleton
19%
Wildcats (Pioneer) Davidson
18%
Bears (MEAC) Morgan State
18%
Colonels (Southland) Nicholls
18%
Tigers(CAA) Towson
18%
Lions(Southland) Texas A&M-Commerce
17%
Beacons(Pioneer) Valparaiso
17%
Lions(Southland) Southeastern Louisiana
16%
Warriors(NEC) Merrimack
15%
Lions(Ohio Valley) Lindenwood
12%
Skyhawks(NEC) Stonehill
9%
No matching quizzes found
Score Distribution
Percent of People with Each Score
Percentile by Number Answered
Your Score History
You have not taken this quiz since the last reset